000
00284nam a2200133Ia 4500
100
_a
Simons/David E
942
_c
BK
654
_a
embedded
245
_a
An embedded software Primer
260
_b
Pearson Education
_c
2004
082
_a
3.3
_b
SIM
300
_a
424
546
_a
ENGLISH
999
_c
20195
_d
20195